书目信息 |
| 题名: |
基因论
|
|
| 作者: | 摩尔根 著 ;刘守旭 译 | |
| 分册: | ||
| 出版信息: | 福州 福建科学技术出版社 2019.01 |
|
| 页数: | 322页 | |
| 开本: | 24cm | |
| 丛书名: | ||
| 单 册: | ||
| 中图分类: | Q343.1 | |
| 科图分类: | ||
| 主题词: | 基因--ji yin--理论 | |
| 电子资源: | ||
| ISBN: | 978-7-5335-5768-3 | |
| 000 | 01251nam0 2200265 450 | |
| 001 | 0109110230 | |
| 005 | 20201109110339.0 | |
| 010 | @a978-7-5335-5768-3@b精装@dCNY59.00 | |
| 100 | @a20190522d2019 em y0chiy50 ea | |
| 101 | 1 | @achi@ceng |
| 102 | @aCN@b350000 | |
| 105 | @aa z 000yy | |
| 106 | @ar | |
| 200 | 1 | @a基因论@Aji yin lun@dThe theory of the gene@f(美)托马斯·亨特·摩尔根著@g刘守旭译@zeng |
| 210 | @a福州@c福建科学技术出版社@d2019.01 | |
| 215 | @a322页@c图@d24cm | |
| 300 | @a世界科普百年经典经典插图版 | |
| 330 | @a本书全面阐述了摩尔根的染色体遗传理论,其内容包括遗传学的基本原理、遗传的机制、突变的起源、染色体畸变、基因和染色体在性别决定方面的作用等。本书不但总结了摩尔根小组自己的遗传研究成果,而且对当时已经发现的重要遗传学现象都做出了解释,是孟德尔-摩尔根学派观点的系统展现,其理论是遗传学发展史上的一次大飞跃。基因论是遗传学三大定律之一,破解了生命遗传的密码,开启了基因科学的新篇章。基因论被誉为遗传学的圣经,现代生物学时尚的里程碑之作。 | |
| 510 | 1 | @aTheory of the gene@zeng |
| 606 | 0 | @a基因@Aji yin@x理论 |
| 690 | @aQ343.1@v5 | |
| 701 | 0 | @c(美)@a摩尔根@Amo er gen@c(Morgan, Thomas Hunt@f1866-1945)@4著 |
| 702 | 0 | @a刘守旭@Aliu shou xu@4译 |
| 801 | 0 | @aCN@bBJSZM@c20201103 |
| 905 | @b1241339-42@dQ343.1@e91@f4 | |
| 基因论=The theory of the gene/(美)托马斯·亨特·摩尔根著/刘守旭译.-福州:福建科学技术出版社,2019.01 |
| 322页:图;24cm |
| 世界科普百年经典经典插图版 |
| ISBN 978-7-5335-5768-3(精装):CNY59.00 |
| 本书全面阐述了摩尔根的染色体遗传理论,其内容包括遗传学的基本原理、遗传的机制、突变的起源、染色体畸变、基因和染色体在性别决定方面的作用等。本书不但总结了摩尔根小组自己的遗传研究成果,而且对当时已经发现的重要遗传学现象都做出了解释,是孟德尔-摩尔根学派观点的系统展现,其理论是遗传学发展史上的一次大飞跃。基因论是遗传学三大定律之一,破解了生命遗传的密码,开启了基因科学的新篇章。基因论被誉为遗传学的圣经,现代生物学时尚的里程碑之作。 |
| ● |
| 相关链接 |
|
|
|
|
正题名:基因论
索取号:Q343.1/91
 
预约/预借
| 序号 | 登录号 | 条形码 | 馆藏地/架位号 | 状态 | 备注 |
| 1 | 1241339 | 212413397 | 第二样本阅览室/ [索取号:Q343.1/91] | 在馆 | |
| 2 | 1241340 | 212413404 | 第三借阅区/ [索取号:Q343.1/91] | 在馆 | |
| 3 | 1241341 | 212413413 | 第三借阅区/ [索取号:Q343.1/91] | 在馆 | |
| 4 | 1241342 | 212413422 | 第三借阅区/ [索取号:Q343.1/91] | 在馆 |